LEADER 01079nam a22002655i 4500 001 991002171009707536 007 cr nn 008mamaa 008 121227s1975 gw | s |||| 0|eng d 020 $a9783540374442 035 $ab14132369-39ule_inst 040 $aBibl. Dip.le Aggr. Matematica e Fisica - Sez. Matematica$beng 082 04$a510$223 245 00$aSpectral theory and differential equations$h[e-book] :$bproceedings of the symposium held at Dundee, Scotland, 1?19 July, 1974 /$cedited by William N. Everitt 260 $aBerlin :$bSpringer,$c1975 300 $a1 online resource (xiv, 326 p.) 440 0$aLecture Notes in Mathematics,$x0075-8434 ;$v448 650 0$aMathematics 700 1 $aEveritt, William N. 773 0 $aSpringer eBooks 856 40$uhttp://dx.doi.org/10.1007/BFb0067078$zAn electronic book accessible through the World Wide Web 907 $a.b14132369$b03-03-22$c05-09-13 912 $a991002171009707536 996 $aSpectral theory and differential equations$9262767 997 $aUNISALENTO 998 $ale013$b05-09-13$cm$d@ $e-$feng$ggw $h0$i0 LEADER 01190nas 2200397 c 450 001 9910895565303321 005 20260218110410.0 035 $a(CKB)1000000000498713 035 $a(OCoLC)756318342 035 $a(DE-101)1015203205 035 $a(DE-599)ZDB2628085-1 035 $a(DE-599)2628085-1 035 $a(DE-599)2628083-8 035 $a(EXLCZ)991000000000498713 100 $a20110914b20032004 |y | 101 0 $aukr 135 $aur||||||||||| 181 $ctxt$2rdacontent 182 $cc$2rdamedia 183 $acr$2rdacarrier 200 00$aProblemy programmirovanija$enauc?no-technic?eskij z?urnal$fNacional'naja Akademija Nauk Ukrainy, Institut Programmnych Sistem 210 31$aKiev$d2003-2004 215 $aOnline-Ressource 311 08$a1727-4907 531 $aPROBL. PROGRAM 606 $aProgrammierung$3(DE-588)4076370-5$3https://d-nb.info/gnd/4076370-5$3(DE-101)040763706$2gnd 608 $aZeitschrift$2gnd-content 615 7$aProgrammierung. 676 $a004 801 0$b4019 801 1$bDE-101 801 2$b4022 906 $aJOURNAL 912 $a9910895565303321 996 $aProblemy programmirovanija$94232483 997 $aUNINA